000 02296nab a2200241 i 4500
003 BR-BrBNA
005 20250528144031.0
008 250528b2018 bl.qr|pooa||| 00| 0 por |
040 _aBR-BrBNA
_bpor
072 _aF70
100 _aMoraes, Pedro Luís Rodrigues de
245 _aFlora das cangas da Serra dos Carajás, Pará, Brasil: Lauraceae
500 _aPublicação on-line; Bibliography p. 114-117 (70 ref.); Summaries (En, Pt)
520 _a Resumo São reportadas 32 espécies pertencentes a 11 gêneros de Lauraceae na FLONA Carajás (Pará, Brasil): Aiouea (4), Aniba (4), Cassytha (1), Endlicheria (2), Kubitzkia (1), Licaria (2), Mezilaurus (2), Nectandra (5), Ocotea (9), Paraia (1) e Rhodostemonodaphne (1). Deste total, apenas Aiouea myristicoides, Aniba williamsii, Cassytha filiformis, Kubitzkia mezii, Mezilaurus itauba, Nectandra cuspidata e Ocotea puberula tiveram registros de ocorrência em áreas de cangas, com as demais espécies ocorrendo em formações florestais. Apresentam-se descrições, chaves de identificação, comentários e ilustrações das espécies. Palavras-chave: FLONA Carajás, Pará, taxonomia. Abstract The Lauraceae found in the FLONA of Carajás (Pará, Brazil) comprise 32 species belonging to 11 genera: Aiouea (4), Aniba (4), Cassytha (1), Endlicheria (2), Kubitzkia (1), Licaria (2), Mezilaurus (2), Nectandra (5), Ocotea (9), Paraia (1) and Rhodostemonodaphne (1). However, only Aiouea myristicoides, Aniba williamsii, Cassytha filiformis, Kubitzkia mezii, Mezilaurus itauba, Nectandra cuspidata and Ocotea puberula were recorded in the iron-ore outcrops, while all the other species ocurred in the forest. We present here descriptions, identification keys, comments and illustrations regarding the species studied. Key words: FLONA Carajás, Pará state, taxonomy.
650 _aCARAJÁS
650 _aPARÁ
650 _aTAXONOMIA
650 _aLAURACEAE
773 0 _0709
_9350699
_dRio de Janeiro-RJ Jardim Botanico do Rio de Janeiro 1935
_o2025-3324
_tRodriguésia (Brazil)
_x0370-6583; 2175-7860 on-line
_gv. 69(1) p. 081-117; (2018)
_wBR2025001285
856 _uhttps://www.scielo.br/j/rod/a/x6P4RpJvvvBJXfykkqzTVZp/?format=pdf&lang=pt
942 _cANA
999 _c331771
_d331771